Identification du coefficient de proportionnalité entre le taux d'hémoglobine et la mesure de l'hématocrite dans les phathologies les plus dominantes en République du Bénin chez les personnes âgées de 0 à 18 ans : cas des département du Zou et des Collines( à propos de 1282 cas) (Record no. 47006)

MARC details
000 -LEADER
fixed length control field 00909nam a22002057a 4500
003 - CONTROL NUMBER IDENTIFIER
control field 0
005 - DATE AND TIME OF LATEST TRANSACTION
control field 20160609165432.0
008 - FIXED-LENGTH DATA ELEMENTS--GENERAL INFORMATION
fixed length control field 100224t xxu||||| |||| 00| 0 eng d
037 ## - SOURCE OF ACQUISITION
Stock number M15570
Source of stock number/acquisition BIBLIO
040 ## - SOURCE DU CATALOGAGE
Original cataloging agency UAC
Language of cataloging F
Transcribing agency EPAC
082 ## - DEWEY DECIMAL CLASSIFICATION NUMBER
Classification number 26.ABM/ADJ
100 ## - VEDETTE PRINCIPALE - NOM DE PERSONNE
Personal name Valère, H. ADJIHANOU & Francine Danielle QUENUM
9 (RLIN) 3836
245 ## - TITLE STATEMENT
Title Identification du coefficient de proportionnalité entre le taux d'hémoglobine et la mesure de l'hématocrite dans les phathologies les plus dominantes en République du Bénin chez les personnes âgées de 0 à 18 ans : cas des département du Zou et des Collines( à propos de 1282 cas)
260 ## - PUBLICATION, DISTRIBUTION, ETC. (IMPRINT)
Place of publication, distribution, etc EPAC
Name of publisher, distributor, etc BIBLIO
Date of publication, distribution, etc 2006-2007
300 ## - PHYSICAL DESCRIPTION
Extent I -115p
Dimensions 29cm
500 ## - GENERAL NOTE
General note Mem Ecole Polytechnique d'Abomey Calavi<br/>2007
650 ## - SUBJECT ADDED ENTRY--TOPICAL TERM
Topical term or geographic name as entry element PROPORTIONNALITE - HEMOGLOBINE - HEMATOCRITE
9 (RLIN) 3837
700 ## - ADDED ENTRY--PERSONAL NAME
Personal name Joseph, FLENON; Adolphe, TOPANOU; Lordson, DOSSEVI
9 (RLIN) 3838
942 ## - ADDED ENTRY ELEMENTS (KOHA)
Koha item type Thèse et Memoire
Holdings
Withdrawn status Lost status Damaged status Not for loan Location (home branch) Sublocation or collection (holding branch) Date acquired Source of acquisition Koha issues (times borrowed) Koha full call number Piece designation (barcode) Koha date last seen Copy number Price effective from Koha item type
        Bibliothèque Ecole Polytechnique d'Abomey-Calavi Bibliothèque Ecole Polytechnique d'Abomey-Calavi 05/10/2010 Dépot légal   26.ABM/ADJ M15691 EPAC 05/10/2010 1 05/10/2010 Thèse et Memoire
        Bibliothèque Ecole Polytechnique d'Abomey-Calavi Bibliothèque Ecole Polytechnique d'Abomey-Calavi 05/10/2010 Dépot légal   26.ABM/ADJ M15692 EPAC 05/10/2010 2 05/10/2010 Thèse et Memoire
        Bibliothèque Ecole Polytechnique d'Abomey-Calavi Bibliothèque Ecole Polytechnique d'Abomey-Calavi 05/10/2010 Dépot légal   26.ABM/ADJ M15693 EPAC 05/10/2010 3 05/10/2010 Thèse et Memoire


© 2008, Bibliothèques de l'Université d'Abomey-Calavi

04 BP 789 Cotonou, Tél. : +229 21 36 01 01, Fax : +229 21 35 06 32

Courriel : bu@bu.uac.bj